[Event "IECC Swiss email"]
[Site "IECC email"]
[Date "1999.02.20"]
[Round "?"]
[White "Kothapalli, Sreenivas"]
[Black "Wenger, Joseph"]
[Result "0-1"]
[WhiteElo "1065"]
[BlackElo "1869"]
[PlyCount "48"]
[EventDate "1999.??.??"]
[EventType "tourn (corr)"]
[EventRounds "6"]
[SourceTitle "Corr 2008"]
[Source "ChessBase"]
[SourceDate "2008.06.24"]
[SourceVersion "1"]
[SourceVersionDate "2008.06.24"]
[SourceQuality "1"]

1. d4 Nf6 2. c4 e6 3. Nc3 Bb4 4. e3 c5 5. Nge2 cxd4 6. exd4 d5 7. c5 Nc6 8. a3 Ba5 9. b4 Bc7 10. g3 e5 11. Bg2 Nxd4 12. Nxd4 exd4 13. Qe2+ Kf8 14. Nb5 Bg4 15. f3 d3 16. Qxd3 Be5 17. Ra2 Bd7 18. Re2 a6 19. Rxe5 Bxb5 20. Qd4 a5 21. Bf1 Bxf1 22. Rxf1 axb4 23. axb4 h6 24. Rf2 Rc8 0-1